| 000 | 00789nab a2200229 u 4500 | ||
|---|---|---|---|
| 001 | 16709 | ||
| 003 | HDC | ||
| 007 | cr bn ---aaaaa | ||
| 008 | 210221c20100812my dr|noo 0 a may d | ||
| 040 | _aHDC | ||
| 245 | 0 | _aJAKIM Maklum 34 Negara Luar Senarai Hotel Halal Di Wilayah Persekutuan | |
| 260 |
_a[No place] : _b[publisher not identified], _c2010 |
||
| 336 |
_atext _2rdacontent |
||
| 337 |
_acomputer _2rdamedia |
||
| 338 |
_aonline resource _2rdacarrier |
||
| 650 |
_aHalal certification _9753 |
||
| 650 |
_aHotel and restaurants _916420 |
||
| 856 | _zRequest full-text at [email protected] | ||
| 942 | _2lcc | ||
| 942 | _cNEWS | ||
| 942 | _kNWSO 005746 | ||
| 999 |
_c14025 _d14025 |
||